000 01396nam a2200265Ia 4500
001 21654
005 20260417113348.0
008 260320s9999||||xx |||||||||||||| ||und||
020 _a9798736121298
041 _aESP
082 _a158.7
_bU871
100 _aUranga, Lucrecia,
_eAUT
245 0 _aUna cercanía a la psicología organizacional :
_bii. intervencion a la organizacion mediante talleres teóricos-prácticos
250 _aPrimera edición
260 _a[Lugar de publicación no identificado] :
_bKindle Direct Publishing,
_c2021
300 _axxi, 295 páginas :
_bcuadros, gráficos ;
_c23 cm.
650 _aPSI
653 _aPsicología organizacional; Intervención organizacional
654 _aCPS
856 _uhttps://itmsp.museknowledge.com/UCSP?url=https://www.ebooks7-24.com:443/?il=4480&pg=1
_zVéase además: Psicología organizacional, por Fernando Zepeda Herrera, Versión digital
856 _uhttps://0u213wvjn-y-https-ebooks7--24-com.itmsp.museknowledge.com/biblioteca.aspx
_zVéase además: Base de datos Ebook7-24
856 _uhttps://0u20fwvjl-y-https-research-ebsco-com.itmsp.museknowledge.com/c/qxo6us/search
_zVéase además: Base de datos EBSCOhost
856 _uhttps://0u20vwvic-y-https-ebookcentral-proquest-com.itmsp.museknowledge.com/lib/catolicasp/home.action
_zVéase además: Base de datos ProQuest Ebook Central
942 _cLIB
_dJUS
_fMAT
_2ddc
999 _c21654
_d21654